Disproportionately Known US Metro Areas - Statistics

General Stats
  • This quiz has been taken 65 times
  • The average score is 10 of 20
Answer Stats
Population Percent Correct %Correct per 100k Answer % Correct
1,246,176 89% 7.14 New Orleans
73%
583,197 85% 14.57 Jackson, MS
64%
1,266,191 87% 6.87 Salt Lake City
62%
995,638 81% 8.14 Honolulu
58%
976,671 65% 6.66 Omaha
58%
830,529 63% 7.59 Charleston, SC
56%
694,523 56% 8.06 Springfield, MA
56%
729,053 65% 8.92 Des Moines
53%
757,615 67% 8.84 Little Rock
53%
811,336 74% 9.12 Boise
51%
919,543 78% 8.48 Albuquerque
49%
872,195 72% 8.26 El Paso
49%
650,039 49% 7.54 Wichita
49%
904,617 64% 7.07 Albany
47%
765,424 53% 6.92 Colorado Springs
47%
1,161,192 75% 6.46 Buffalo
45%
873,060 61% 6.99 Baton Rouge
42%
687,077 55% 8.00 Madison
40%
688,471 46% 6.68 Winston-Salem
33%
624,083 41% 6.57 Augusta
29%
No matching quizzes found
Score Distribution
Percent of People with Each Score
Percentile by Number Answered
Your Score History
You have not taken this quiz